MDQL
is popping MORE tags! Check the
thread
!
Quizzes
Events
Quiz Creation
Community
Videos
Private Events
Remove Ads
Sign In
Join for FREE
Feedback
Dark Mode
Quiz Categories
Sports
Geography
Music
Movies
Television
Just For Fun
Miscellaneous
History
Literature
Language
Science
Gaming
Entertainment
Religion
Holiday
For Kids
Quiz Lab
Recent
Popular Today
Quiz Kudos Today
Editor Picks
Curator Picks
Quizzes by...
Day
Popularity
Type
Ratings
Length
Year
Community
Subscriptions
Recent Discussions
Orange Saloon
Badges
Playlists
Quests
Create
Leaderboards
Showdown
Live 5
Trivia Bingo
Activity
Puzzle Library
Sporcle Events
Private Events
Virtual Trivia
Globe League
Become a Host
Pub Owners
SporcleCon
Opinionation
Our Games
Videos
Blog
Mobile Apps
Partnerships
Remove Ads and Go Orange
Feedback
Music
Pop Music
The Beatles
Song
Album
Lyrics
Bands
Singers
Artist
Clip
Rock
Rap
Classical
Billboard
Country Music
Kpop
Taylor Swift
Music
Pop Music
The Beatles
Song
Album
Lyrics
Bands
Singers
Artist
Clip
Rock
Rap
Classical
Billboard
Country Music
Kpop
Taylor Swift
Random Quiz
Search Sporcle
×
Quiz Lab
Quiz Lab
Music
Lyrics
Type in answers that appear in a list
Type in answers that appear in a list
Classic
Best Score? Go Orange.
FIgure out the lyrics Stats
Can you name the lyrics to this 1960's song?
By
jwdennis
8m
87 Questions
513 Plays
513 Plays
513 Plays
Comments
Comments
Give Quiz Kudos
Give Quiz Kudos
-
- Ratings
hide this ad
Replay
Link that replays current quiz
Next Quiz
Link to next quiz in quiz playlist
You Got
0%
They Got
Avg Score
37%
Avg Friend Score
Upgrade to see
Score Distribution
Jump to the score distribution portion of the page
Score
0/87
Timer
08:00
0
Plays Today
Lyrics
% Correct
The
96.3%
and
96.3%
and
96.3%
a
96.3%
a
96.3%
a
96.3%
A
96.3%
The
96.3%
a
96.3%
the
96.3%
The
96.3%
and
96.3%
and
96.3%
The
96.3%
a
96.3%
the
96.3%
The
96.3%
and
96.3%
and
96.3%
you
87.9%
you
87.9%
me
73.3%
me
73.3%
to
71%
to
71%
of
63.5%
Of
63.5%
of
63.5%
Of
63.5%
Lyrics
% Correct
of
63.5%
that
49.5%
that
49.5%
that
49.5%
like
40.5%
there
36.5%
at
35.3%
just
31.2%
just
31.2%
with
30.2%
with
30.2%
night
29.8%
night
29.8%
days
16.4%
days
16.4%
days
16.4%
before
13.1%
away
11.9%
wasn't
9.6%
run
9.2%
wine
8.6%
wine
8.6%
wine
8.6%
land
8.2%
lonely
8%
lonely
8%
roses
7.8%
roses
7.8%
roses
7.8%
Lyrics
% Correct
play
6.6%
child
5.1%
Through
5.1%
door
4.3%
door
4.3%
smile
3.3%
smile
3.3%
oo
3.3%
oo
3.3%
laugh
2.9%
toward
2.9%
filled
1.9%
memories
1.9%
golden
1.9%
filled
1.9%
memories
1.9%
golden
1.9%
meadow
1.8%
closing
1.8%
marked
1.8%
nevermore
1.8%
discloses
1.8%
passing
1.8%
breeze
1.8%
introduced
1.8%
discloses
1.8%
passing
1.8%
breeze
1.8%
introduced
1.8%
Quiz Playlist
Details
Report
Send in Message
Add To Playlist
Classic:
Type in answers that appear in a list
Last Updated: Feb 16, 2017
Quiz Scoreboard
CHALLENGE
Sign Up to Join the Scoreboard
Show All
Scores
Hide
Comments
May contain spoilers
Recently Published
5x2 Blitz: Bands
by SL_Kpop136
Music
30s
Colored Red Africa Blitz
by spor1
Geography
30s
Find the 'City' Movie
by crazypaving
Movies
60s
More to Explore
Quiz From the Vault
Featured Blog Post
14 Easter Pick-up Lines to Find Eggs With
hide this ad
You Might Also Like...
Tags
Lyrics Quiz
Song Quiz
1960
Figure Out the Lyrics
Today's Top Quizzes in Music
Browse Music
hide this ad
Today's Top Quizzes in Lyrics
Browse Lyrics
Top Contributed Quizzes in Music
1
5X2 Blitz: Bands II
2
5X2 Blitz: The Beatles
3
Taylor Swift All Songs (2024)
4
5X2 Blitz: Billboard
5
Taylor Swift Logic Puzzle II
6
5X2 Blitz: Billboard II
7
5X2 Blitz: Singers
8
5X2 Blitz: Album
9
5X2 Blitz: Rock
10
5X2 Blitz: Lyrics
Explore More
Trending Topics
Kpop
Crossword
Marvel
Disney
NBA
Anime
Harry Potter
Soccer
Puzzle
WWE
Song
Pokémon
The Office
NFL
Country
hide this ad
More By:
jwdennis
Quiz
Plays
Rating
Category
Featured
Created
Fictional song: figure out the lyrics
925
2.85
Literature
May 20, 2010
FIgure out the lyrics
513
2.00
Music
May 19, 2010
Figure out the lyrics - folk
360
2.75
Music
May 20, 2010
Bruce's Philosophers' Drinking Habbits
41
5.00
Miscellaneous
Jul 7, 2010
Go to Creator's Profile
Score Distribution
Quiz Creator Spotlight
jwdennis
Follow
Send a Message
Quizzes Created
-
Created Quiz Play Count
-
More By This Creator
Popular Quizzes Today
1
Colored Red Africa Blitz
2
Find the 'City' Movie
3
5x2 Blitz: Bands
4
Find the US States - No Outlines Minefield
5
The Countries of the World
6
Find the US States
7
US States
8
Find the Countries of Europe - No Outlines Minefield
More Music Quizzes
Criteria Quickie: Stringed Instruments
Quiz Lab
Trending Quizzes
Colored Red Europe Blitz I
Colored Red Europe Blitz II
Colored Red Africa Blitz II
Colored Red Europe Blitz III
Colored Red Africa Blitz III
Recently Updated
How Do You Spell That?
pecheneg
Godzilla Movies
pecheneg
Grab Bag: 4-10 Letters
pecheneg
2024 March Madness Bracket
pecheneg
Famous TV Couples
Peacemaker
Champions League XIs: Real Madrid
pecheneg
Largest US Cities 1790-2010
pecheneg
Rides in Walt Disney World
pecheneg
Most Oscar Losses (Acting)
pecheneg
Beyoncé Albums
pecheneg
Trending Topics
Disney
Kpop
NBA
Crossword
Anime
Harry Potter
Marvel
Country
WWE
Soccer
The Office
Song
Pokémon
NFL
Puzzle
Your Account Isn't Verified!
In order to create a playlist on Sporcle, you need to verify the email address you used during registration. Go to your
Sporcle Settings
to finish the process.
Report this User
Report this user for behavior that violates our
Community Guidelines
.
Details:
Send Report
Go to the Sporcle.com Mobile Site →
Comments